|
|
|
|
| LEADER |
00000cam a2200000 a 4500 |
| 001 |
vtls001479766 |
| 003 |
SK-MaSNL |
| 005 |
20260302073620.0 |
| 008 |
240226s2004 xo drf 000 0 slo |
| 015 |
|
|
|a SNBA2004/08-04466
|
| 020 |
|
|
|a 8089160093
|
| 035 |
|
|
|a SNK000435064
|
| 035 |
|
|
|a urn:nbn:sk:snk-am3iy0b
|
| 035 |
|
|
|a D9BE2D33-F7B6-4F87-A48A-7DB0C9A933DC
|
| 035 |
|
|
|a urn:nbn:sk:snk-am00g4iu
|
| 040 |
|
|
|a SNK
|b slo
|c SNK
|e AACR2
|
| 041 |
0 |
|
|a slo
|
| 044 |
|
|
|a xo
|c SK
|
| 072 |
|
7 |
|a 811.162.4
|x Slovenčina
|2 konspekt
|
| 080 |
|
|
|a 811.162.4(079.1)
|2 1997
|
| 080 |
|
|
|a 821.162.4
|2 1997
|
| 080 |
|
|
|a 811.162.4
|2 2011
|
| 080 |
|
|
|a 82
|2 2011
|
| 080 |
|
|
|a 373.5.016
|2 2011
|
| 080 |
|
|
|a (079.1)
|2 2011
|
| 080 |
|
|
|a (035)
|2 2011
|
| 080 |
|
|
|a 37.091.274
|2 2011
|
| 100 |
1 |
|
|a Lukačková, Renáta
|4 aut
|9 206018
|
| 245 |
1 |
0 |
|a Testami k maturite
|b slovenský jazyk a literatúra
|c [autorka: Renáta Lukačková]
|
| 250 |
|
|
|a 1. vyd.
|
| 260 |
|
|
|a Bratislava
|b Didaktis
|c 2004
|
| 300 |
|
|
|a 88 strán
|c 24 cm
|
| 650 |
0 |
7 |
|a slovenčina
|2 SNKPH
|9 1350
|
| 650 |
0 |
7 |
|a literatúra
|2 SNKPH
|9 1427
|
| 650 |
0 |
7 |
|a učivo stredných škôl
|2 SNKPH
|9 65982
|
| 650 |
0 |
7 |
|a maturitné skúšky
|2 SNKPH
|9 66554
|
| 655 |
|
7 |
|a príručky
|2 SNKPH
|9 74364
|
| 655 |
|
7 |
|a testy
|2 SNKPH
|9 70500
|
| 919 |
|
|
|a 80-89160-09-3
|
| 999 |
|
|
|c 1161639
|d 1163569
|
| 952 |
|
|
|a SNK
|b SNK
|y PREZ
|7 0
|p 17A0439355
|o snkSC 116893
|i snkKSP 10526/2004
|0 0
|1 0
|4 0
|d 2004-08-05
|f 1
|l 0
|r 2025-10-16 00:00:00
|w 2026-02-24
|
| 952 |
|
|
|a SNK
|b SNK
|y VYP
|7 0
|p 17A0439361
|o snkSC 116893 D1
|i snkKSP 10527/2004
|0 0
|1 0
|4 0
|d 2004-08-05
|l 0
|r 2005-01-02 00:00:00
|w 2026-02-24
|